000 00778cam a2200241 a 4500
001 2158372
005 20180223074651.0
008 990526s2000 njua bi 001 0 eng
010 _a 99034889
020 _a0130129380
040 _aDLC
_cDLC
_dDLC
041 _aeng
043 _an-us---
080 _a371.90973 wil
082 0 0 _a371.90973 wil
_221
100 1 _a48
101 _aedu
245 1 0 _aExceptional children :
_cWilliam L. Heward.
504 _aIncludes bibliographical references and indexes.
906 _a7
_bcbc
_corignew
_d1
_eocip
_f19
_gy-gencatlg
942 _2ddc
_cBK
999 _c43274
_d43274